[Event "NED-chT 2425"]
[Site "Netherlands"]
[Date "2024.09.21"]
[Round "1.3"]
[White "Nijboer, Friso"]
[Black "Kerigan, Demre"]
[Result "1/2-1/2"]
[WhiteElo "2452"]
[BlackElo "2351"]
[PlyCount "108"]
[EventDate "2024.09.21"]
[EventType "team-tourn"]
[EventRounds "9"]
[EventCountry "NED"]
[SourceTitle "EXT 2025"]
[Source "ChessBase"]
[SourceDate "2024.10.14"]
[SourceVersion "1"]
[SourceVersionDate "2024.10.14"]
[SourceQuality "1"]
[WhiteTeam "Kennemer Combinatie"]
[BlackTeam "Paul Keres"]
[WhiteTeamCountry "NED"]
[BlackTeamCountry "NED"]

1. e4 e5 2. Nf3 Nc6 3. Bb5 a6 4. Ba4 Nf6 5. d3 d6 6. c3 g6 7. 0-0 Bg7 8. h3 0-0 9. Re1 Bd7 10. Bc2 h6 11. d4 Qe8 12. Be3 exd4 13. cxd4 Nxe4 14. Bxe4 Qxe4 15. Bxh6 Qf5 16. Bxg7 Kxg7 17. d5 Na7 18. Nc3 Nc8 19. Qd4+ Qf6 20. Qxf6+ Kxf6 21. Ne4+ Kg7 22. Rac1 c6 23. dxc6 Bxc6 24. Nd4 Re8 25. f3 Bxe4 26. Rxe4 Rxe4 27. fxe4 Rb8 28. Rc7 Nb6 29. Nf3 Kf6 30. h4 Na8 31. Rc4 Re8 32. Kf2 Ke7 33. e5 Rd8 34. Ke3 dxe5 35. Rb4 b5 36. Nxe5 Rd6 37. Re4 f5 38. Rd4 Re6 39. Kf4 Nb6 40. b3 Kf6 41. Nf3 Re4+ 42. Kg3 Rxd4 43. Nxd4 b4 44. Nc6 Nd5 45. Nb8 Nc3 46. Nxa6 Nxa2 47. Kf4 Nc1 48. Nc5 g5+ 49. hxg5+ Kg6 50. g4 Ne2+ 51. Ke3 Nc1 52. gxf5+ Kxf5 53. Kd2 Nxb3+ 54. Nxb3 Kxg5 1/2-1/2

[Event "Arad op 17th"]
[Site "Arad"]
[Date "2024.08.08"]
[Round "6"]
[White "Nijboer, Friso"]
[Black "Muntean, Victor"]
[Result "1/2-1/2"]
[WhiteElo "2466"]
[BlackElo "2117"]
[PlyCount "41"]
[EventDate "2024.08.05"]
[EventType "swiss"]
[EventRounds "9"]
[EventCountry "ROU"]
[SourceTitle "CBM 221 Extra"]
[Source "ChessBase"]
[SourceDate "2024.09.30"]
[SourceVersion "1"]
[SourceVersionDate "2024.09.30"]
[SourceQuality "1"]

1. e4 e5 2. Nf3 Nc6 3. Bb5 a6 4. Ba4 Nge7 5. c3 f6 6. d4 d5 7. dxe5 dxe4 8. Nd4 b5 9. Nxc6 Nxc6 10. Qxd8+ Nxd8 11. Bc2 f5 12. a4 Bb7 13. axb5 axb5 14. Rxa8 Bxa8 15. b4 Nf7 16. Na3 Bc6 17. e6 Ne5 18. Bb3 e3 19. fxe3 Bxg2 20. Rg1 Be4 21. Kf2 1/2-1/2

[Event "Arad op 17th"]
[Site "Arad"]
[Date "2024.08.08"]
[Round "5"]
[White "Warmerdam, Max"]
[Black "Nijboer, Friso"]
[Result "1-0"]
[WhiteElo "2676"]
[BlackElo "2466"]
[PlyCount "109"]
[EventDate "2024.08.05"]
[EventType "swiss"]
[EventRounds "9"]
[EventCountry "ROU"]
[SourceTitle "CBM 221 Extra"]
[Source "ChessBase"]
[SourceDate "2024.09.30"]
[SourceVersion "1"]
[SourceVersionDate "2024.09.30"]
[SourceQuality "1"]

1. Nf3 Nf6 2. c4 g6 3. Nc3 Bg7 4. e4 d6 5. d4 0-0 6. Be2 e5 7. d5 a5 8. Be3 Na6 9. h3 Nh5 10. Nd2 Nf4 11. Bf1 f5 12. g3 Nd3+ 13. Bxd3 f4 14. Qe2 fxe3 15. Qxe3 h5 16. Nf3 Bd7 17. Be2 a4 18. Kf1 a3 19. b3 Nb4 20. Rc1 Qe7 21. Kg2 Rf6 22. Rhf1 Raf8 23. h4 c5 24. Ng5 Bh6 25. f3 Bc8 26. Rh1 Bd7 27. Qd2 Re8 28. Rcf1 Qd8 29. Nd1 Rff8 30. Nf2 Na6 31. Nd3 b5 32. Ne1 bxc4 33. Bxc4 Nb4 34. Nd3 Qb6 35. Rc1 Rb8 36. Qe2 Nxd3 37. Qxd3 Qa5 38. Rc2 Rf6 39. Ne6 Kh8 40. Rf1 Kh7 41. Rcf2 Qa7 42. Qc3 Bxe6 43. dxe6 Qe7 44. Rd1 g5 45. Rfd2 Rb6 46. hxg5 Bxg5 47. Qa5 Bxd2 48. Qxb6 Rg6 49. Kf1 Rxg3 50. Rxd2 Qh4 51. Rf2 Qh1+ 52. Ke2 Rg1 53. Qc7+ Kg6 54. Qa5 Rb1 55. Qd2 1-0

[Event "FRA-chT Top 16 GpB"]
[Site "Chartres"]
[Date "2024.06.05"]
[Round "7.3"]
[White "Lamard, Guillaume"]
[Black "Nijboer, Friso"]
[Result "1-0"]
[WhiteElo "2500"]
[BlackElo "2471"]
[PlyCount "119"]
[EventDate "2024.05.30"]
[EventType "team-tourn"]
[EventRounds "7"]
[EventCountry "FRA"]
[SourceTitle "CBM 220 Extra"]
[Source "ChessBase"]
[SourceDate "2024.07.31"]
[SourceVersion "1"]
[SourceVersionDate "2024.07.31"]
[SourceQuality "1"]
[WhiteTeam "Cannes"]
[BlackTeam "Medoc Lesparre"]
[WhiteTeamCountry "FRA"]
[BlackTeamCountry "FRA"]

1. d4 f5 2. g3 Nf6 3. Bg2 g6 4. Nf3 Bg7 5. c4 0-0 6. 0-0 d6 7. Nc3 c6 8. Qb3 Kh8 9. Bf4 Na6 10. Rad1 Qa5 11. Rfe1 Qb4 12. Qxb4 Nxb4 13. Rc1 Bd7 14. a3 Na6 15. e4 fxe4 16. Nxe4 Nh5 17. Be3 Nc7 18. Nc3 Nf6 19. h3 Be6 20. Nd2 a5 21. d5 cxd5 22. Bb6 d4 23. Nb5 Nxb5 24. Rxe6 Na7 25. Bxd4 Ng8 26. Bxg7+ Kxg7 27. c5 Rac8 28. Bxb7 Rc7 29. c6 Nxc6 30. Bxc6 Rfc8 31. Nb3 Rxc6 32. Rxc6 Rxc6 33. Nxa5 Rc1+ 34. Kg2 Kf7 35. Re3 Nf6 36. b4 Nd5 37. Rd3 Nb6 38. Nb3 Rc2 39. Rf3+ Ke8 40. Nd4 Ra2 41. h4 Nc4 42. Rc3 d5 43. Ne6 Kd7 44. Nf8+ Kd6 45. Nxh7 e5 46. Ng5 Nxa3 47. g4 Nc4 48. h5 gxh5 49. gxh5 Ke7 50. Rf3 Ra6 51. Rf7+ Ke8 52. b5 Rh6 53. Rh7 Rxh7 54. Nxh7 Nd6 55. b6 Kd7 56. Ng5 Kc6 57. h6 Nf5 58. h7 Nh4+ 59. Kg3 Ng6 60. Kg4 1-0

[Event "FRA-chT Top 16 GpB"]
[Site "Chartres"]
[Date "2024.06.02"]
[Round "4.1"]
[White "Nijboer, Friso"]
[Black "Salgado Lopez, Ivan"]
[Result "1/2-1/2"]
[WhiteElo "2471"]
[BlackElo "2608"]
[PlyCount "29"]
[EventDate "2024.05.30"]
[EventType "team-tourn"]
[EventRounds "7"]
[EventCountry "FRA"]
[SourceTitle "CBM 220 Extra"]
[Source "ChessBase"]
[SourceDate "2024.07.31"]
[SourceVersion "1"]
[SourceVersionDate "2024.07.31"]
[SourceQuality "1"]
[WhiteTeam "Medoc Lesparre"]
[BlackTeam "Chalon"]
[WhiteTeamCountry "FRA"]
[BlackTeamCountry "FRA"]

1. e4 c6 2. d4 d5 3. e5 Bf5 4. h4 h5 5. Bd3 Bxd3 6. Qxd3 e6 7. Nf3 Nd7 8. 0-0 Be7 9. g3 Rc8 10. c4 dxc4 11. Qxc4 Nb6 12. Qe2 Nh6 13. Bxh6 Rxh6 14. Nc3 Kf8 15. Ne4 1/2-1/2

[Event "FRA-chT Top 16 GpB"]
[Site "Chartres"]
[Date "2024.06.01"]
[Round "3.1"]
[White "Tabatabaei, Mohammad Amin"]
[Black "Nijboer, Friso"]
[Result "1/2-1/2"]
[WhiteElo "2707"]
[BlackElo "2471"]
[PlyCount "100"]
[EventDate "2024.05.30"]
[EventType "team-tourn"]
[EventRounds "7"]
[EventCountry "FRA"]
[SourceTitle "CBM 220 Extra"]
[Source "ChessBase"]
[SourceDate "2024.07.31"]
[SourceVersion "1"]
[SourceVersionDate "2024.07.31"]
[SourceQuality "1"]
[WhiteTeam "Tremblay en France"]
[BlackTeam "Medoc Lesparre"]
[WhiteTeamCountry "FRA"]
[BlackTeamCountry "FRA"]

1. d4 Nf6 2. c4 g6 3. Nc3 Bg7 4. e4 d6 5. Nf3 0-0 6. Be2 e5 7. 0-0 Na6 8. Be3 c6 9. d5 Ng4 10. Bg5 f6 11. Bh4 c5 12. a3 b6 13. Rb1 Nh6 14. Nd2 g5 15. Bg3 f5 16. exf5 Nxf5 17. Nde4 Nc7 18. b4 Ne8 19. h3 h6 20. bxc5 bxc5 21. Bg4 Nf6 22. Nxf6+ Bxf6 23. Ne4 Be7 24. Rb2 Bd7 25. Qd3 Rb8 26. Rxb8 Qxb8 27. Rb1 Qc8 28. Qb3 Qa6 29. Qb7 Bc8 30. Qc7 Bd8 31. Qc6 Qxc6 32. dxc6 Bb6 33. a4 Nd4 34. Nxd6 Bxg4 35. hxg4 Nxc6 36. f3 Rd8 37. Nf5 Kh7 38. Re1 Ba5 39. Re2 Bc3 40. Kh2 Kg6 41. Re3 Bd4 42. Rb3 Na5 43. Rb5 Nxc4 44. Rb7 Nd6 45. Nxd6 Rxd6 46. Rxa7 Rc6 47. Re7 Kf6 48. Rh7 Kg6 49. Re7 Kf6 50. Rh7 Kg6 1/2-1/2

[Event "NED-chT 2324"]
[Site "Netherlands"]
[Date "2023.10.07"]
[Round "2.7"]
[White "Van Meegen, Ruud"]
[Black "Nijboer, Friso"]
[Result "0-1"]
[WhiteElo "2297"]
[BlackElo "2473"]
[PlyCount "64"]
[EventDate "2023.09.16"]
[EventType "team-tourn"]
[EventRounds "9"]
[EventCountry "NED"]
[SourceTitle "EXT 2025"]
[Source "ChessBase"]
[SourceDate "2024.10.14"]
[SourceVersion "1"]
[SourceVersionDate "2024.10.14"]
[SourceQuality "1"]
[WhiteTeam "Zuid Limburg"]
[BlackTeam "Kennemer Combinatie"]
[WhiteTeamCountry "NED"]
[BlackTeamCountry "NED"]

1. Nf3 d6 2. d4 Nf6 3. g3 g6 4. b3 Bg7 5. Bb2 b5 6. Bg2 Bb7 7. 0-0 0-0 8. Nbd2 Nbd7 9. Re1 c5 10. e4 cxd4 11. Nxd4 Qb6 12. a4 a6 13. axb5 axb5 14. Qe2 Ne8 15. Qe3 e5 16. N4f3 Qxe3 17. Rxe3 Rxa1+ 18. Bxa1 Nef6 19. Bb2 Ra8 20. Ne1 Ra2 21. Bc3 Nc5 22. f3 Na6 23. Nf1 b4 24. Bd2 d5 25. exd5 Nxd5 26. Re2 Nc5 27. Ne3 Nc3 28. Bxc3 bxc3 29. Nd1 e4 30. fxe4 Bd4+ 31. Kh1 Ba6 32. Bf1 Ra1 0-1

[Event "Oberliga NRW 2223"]
[Site "Germany"]
[Date "2022.09.25"]
[Round "2.2"]
[White "Nijboer, Friso"]
[Black "Niermann, Tristan"]
[Result "1/2-1/2"]
[WhiteElo "2466"]
[BlackElo "2289"]
[PlyCount "113"]
[EventDate "2022.09.11"]
[EventType "team-tourn"]
[EventRounds "9"]
[EventCountry "GER"]
[SourceTitle "EXT 2025"]
[Source "ChessBase"]
[SourceDate "2024.10.14"]
[SourceVersion "1"]
[SourceVersionDate "2024.10.14"]
[SourceQuality "1"]
[WhiteTeam "Erkenschwick"]
[BlackTeam "Lieme"]
[WhiteTeamCountry "GER"]
[BlackTeamCountry "GER"]

1. e4 c5 2. Nf3 d6 3. d4 cxd4 4. Nxd4 Nf6 5. Nc3 g6 6. Be3 Bg7 7. f3 0-0 8. Qd2 Nc6 9. 0-0-0 d5 10. exd5 Nxd5 11. Nxc6 bxc6 12. Bd4 e5 13. Bc5 Re8 14. Ne4 Qc7 15. Bc4 Be6 16. Bb3 Rad8 17. Qf2 Nf4 18. Kb1 Bxb3 19. axb3 f5 20. Nd6 Re7 21. Nc4 Red7 22. Rxd7 Rxd7 23. h4 h5 24. Re1 Kh7 25. Bb4 e4 26. fxe4 fxe4 27. Ba5 Qb8 28. Rxe4 Nd5 29. Re6 Qh2 30. Bd2 c5 31. Re1 Bd4 32. Qf8 Bg7 33. Qf2 Bd4 34. Qf8 Bg7 35. Qe8 Nf6 36. Qe6 Qxh4 37. Rf1 Rd8 38. Bc3 Qe4 39. Qa6 Qxg2 40. Ne3 Qh2 41. Bxf6 Rd6 42. Qxa7 Rxf6 43. Rxf6 Qe5 44. Nd5 Kh6 45. Qb6 Bxf6 46. Nxf6 Qf5 47. Qd6 h4 48. Nd5 h3 49. Ka2 Qf3 50. c4 Kg5 51. b4 cxb4 52. Qxb4 Qe2 53. Qc3 h2 54. Qf6+ Kh6 55. Qh8+ Kg5 56. Qf6+ Kh6 57. Qh8+ 1/2-1/2